000 02036 a2200241 4500
001 3343
005 20260407155427.0
008 260407a1996 arg spa d
003 AR-UNSa-BCEJYS
040 _aAR-UNSa-BCEJYS
_bspa
_cAR-UNSa-BCEJYS
080 _a347.7
_xDerecho Mercantil. Derecho Comercial
245 1 0 _aManual de Derecho Comercial
020 _a950-20-0960-6
250 _a2a. ed.
264 1 _aBuenos Aires :
_bAbeledo Perrot
_c1996
300 _a1163 p.
_c23 cm.
505 _a1. Concepto, evolución y ámbito - 2. Acto de comercio - 3. La empresa - 4. Propiedad industrial - 5. El comerciante - 6. Obligaciones de los comerciantes - 7. Sociedades comerciales - 8. Sociedades comerciales - 9. Clasificación de las sociedades personales o por interés.Sociedades accidentales o en participación. Sociedades de responsabilidad limitada - 10. Sociedades por acciones. Sociedades anónimas - 11. Sociedades anónimas. Órganos - 12. Sociedades en comandita por acciones .Sociedades cooperativas - 13. La sociedad de garantía recíproca - 14. Transformación de sociedades. Resolución parcial. Disolución. Liquidación - 15. Vinculaciones Societarias - 16. Contratos de colaboración empresaria y uniones transitorias - 17. Participación del estado. El ahorro público. Entidades Financieras - 18. De la representación - 19. Agentes auxiliares - 20. Bolsas de comercio - 21. Contratos comerciales - 22. Responsabilidad del comerciante-empresario - 23. Contratos regulados en el código de comerio y en el código civil - 24. Contratos comerciales regulados en el código civil - 25. Contratos regulados solo en el código de comercio - 26. Otros contratos comerciales - 27. Contratos típicamente mercantiles - 28. Seguros - 29. El derecho comercial en el Mercosur
942 _cBK
590 _aniveau_biblio:m niveau_hierar:0
100 1 _aGarrone, José Alberto
700 1 _aCastro Sammartino, Mario E.
856 4 1 _uhttps://biblioeco.unsa.edu.ar/pmb/images/libros/L70036.jpg
_yImagen de portada
_qimage/jpeg
999 _c312
_d312